000 00351nam a2200121Ia 4500
008 151001s9999||||xx |||||||||||||| ||und||
100 _aमधुसूदन कालेलकर
245 _aदिवा जळू दे सारी रात
250 _a4
260 _bरंजना प्रकाशन
300 _a110
365 _b18
999 _c957526
_d957523